[Event "Seville op 47th"]
[Site "Seville"]
[Date "2022.07.16"]
[Round "1"]
[White "Holm, Kristian Stuvik"]
[Black "Huete Cobos, Jesus"]
[Result "1-0"]
[WhiteElo "2463"]
[BlackElo "1825"]
[PlyCount "65"]
[EventDate "2022.07.16"]
[EventType "swiss"]
[EventRounds "9"]
[EventCountry "ESP"]
[SourceTitle "CBM 209 Extra"]
[Source "ChessBase"]
[SourceDate "2022.09.30"]
[SourceVersion "1"]
[SourceVersionDate "2022.09.30"]
[SourceQuality "1"]

1. d4 d5 2. Nf3 Nf6 3. c4 c6 4. Nc3 dxc4 5. a4 Bf5 6. Ne5 e6 7. f3 Bb4 8. Nxc4 Nd5 9. Qd2 0-0 10. e4 Bxe4 11. fxe4 Bxc3 12. bxc3 Qh4+ 13. Kd1 Qxe4 14. Bd3 Qg4+ 15. Kc2 Nd7 16. Qe2 Qh4 17. g3 Qe7 18. Ba3 c5 19. Rhe1 g6 20. Qf3 Rfe8 21. Be4 N5f6 22. Bxb7 Rab8 23. Rab1 Qd8 24. dxc5 Nd5 25. Bxd5 exd5 26. Rxe8+ Qxe8 27. Nd6 Qe6 28. Rxb8+ Nxb8 29. c4 dxc4 30. Qe4 Qf6 31. Qe8+ Kg7 32. Bb2 c3 33. Bxc3 1-0